河南省地图点选 Henan Click Map - Statistics

General Stats
  • This quiz has been taken 28 times
  • The average score is 17 of 18
Answers on the Map
Answers color-coded by a green-red scale on the quiz's map according to % correct below.
 
Answer Stats
Answer % Correct
洛阳市
100%
郑州市
95%
开封市
95%
平顶山市
95%
安阳市
95%
新乡市
95%
三门峡市
95%
商丘市
95%
焦作市
91%
濮阳市
91%
许昌市
91%
南阳市
91%
济源市
91%
鹤壁市
86%
信阳市
86%
周口市
86%
驻马店市
86%
漯河市
82%
No matching quizzes found
Score Distribution
Percent of People with Each Score
Percentile by Number Answered
Your Score History
You have not taken this quiz